Impacts of the reform of the Common Agricultural Policy (CAP) on land markets in Germany

Zavedenie Combi-modelu v nemeckom poľnohospodárstve. Výhody pre bývalých nájomcov, budúcich nájomcov a prenajímateľov. Trh s pôdou, cena pôdy.

Enregistré dans:
Détails bibliographiques
Auteur principal: Doll, Helmut
Format: Chapitre de livre
Langue:anglais
Sujets:
Tags: Ajouter un tag
Pas de tags, Soyez le premier à ajouter un tag!

MARC

LEADER 00000naa$a2200000$$$4500
001 0030066
005 20231113141309.3
041 0 |a eng 
044 |a CZ 
245 1 0 |a Impacts of the reform of the Common Agricultural Policy (CAP) on land markets in Germany  |c Helmut Doll 
520 |a Zavedenie Combi-modelu v nemeckom poľnohospodárstve. Výhody pre bývalých nájomcov, budúcich nájomcov a prenajímateľov. Trh s pôdou, cena pôdy. 
610 2 0 |a politika poľnohospodárska 
610 2 0 |a pôda poľnohospodárska 
610 2 0 |a trh 
610 2 0 |a cena pôdy 
610 2 0 |a prenájom 
610 2 0 |a nájomné z pôdy 
610 2 0 |a Nemecko 
100 1 |a Doll, Helmut